Usability in government systems : (رقم التسجيلة. 33031)

تفاصيل مارك
000 -الفاتح
حقل البيانات ثابتة الطول 02668cam a22003737a 4500
001 - رقم الضبط
رقم الضبط 17488695
003 - محدد رقم الضبط
رقم الضبط OSt
005 - وقت وتاريخ اخر تعامل مع التسجيلة
رقم الضبط 20150408114202.0
008 - عناصر البيانات ثابتة الطول - معلومات عامة
حقل البيانات ثابتة الطول 121010s2012 ne a b 001 0 eng d
010 ## - رقم ضبط مكتبة الكونجرس
رقم ضبط مكتبة الكونجرس 2012471191
016 7# - رقم ضبط الوكاله الوطنية للضبط الببليوجرافي
رقم ضبط التسجيلة 016038682
المصدر Uk
020 ## - الرقم الدولى المعيارى للكتب
الرقم الدولى المعيارى للكتاب 9780123910639 (pbk.)
020 ## - الرقم الدولى المعيارى للكتب
الرقم الدولى المعيارى للكتاب 0123910633 (pbk.)
035 ## - رقم ضبط النظام
رقم ضبط النظام (OCoLC)ocn773025102
040 ## - مصدر الفهرسة
وكالة الفهرسة الأصلية BTCTA
لغة الفهرسة eng
وكالة النسخ BTCTA
وكالة التعديل YDXCP
-- UKMGB
-- SINLB
-- OCLCO
-- BWX
-- CDX
-- GGY
-- S4S
-- DLC
042 ## - رمز التحقق
رمز التحقق lccopycat
050 00 - رقم طلب مكتبة الكونجرس
رقم التصنيف QA76.9.H85
رقم المادة U675 2012
082 04 - رقم تصنيف ديوى العشرى
رقم التصنيف 004.21
رقم الطبعة 23
رقم المادة USG
245 00 - بيان العنوان
العنوان Usability in government systems :
بقية العنوان user experience design for citizens and public servants /
بيان المسئوليه,etc [edited by] Elizabeth Buie and Dianne Murray.
260 ## - PUBLICATION, DISTRIBUTION, ETC. (IMPRINT)
مكان الناشر او الموزع Amsterdam
-- Boston :
اسم الناشر او الموزع Elsevier/Morgan Kaufmann,
تاريخ النشر أو التوزيع c2012.
300 ## - الوصف المادى
التعداد xxxvii, 407 p. :
تفاصيل ماديه اخرى للوعاء ill. ;
أبعاد الوعاء 24 cm.
504 ## - تبصرة ببليوجرافية
تبصرة ببليوجرافية,الخ Includes bibliographical references and index.
520 8# - التبصرة الخاصة بالتعليق أو التلخيص
ملخص,الخ Annotation
امتداد لتبصرة الملخص As a usability specialist or interaction designer working with the government, or as a government or contractor professional involved in specifying, procuring, or managing system development, you need this book. Editors Elizabeth Buie and Dianne Murray have brought together over 30 experts to outline practical advice to both usability specialists and government technology professionals and managers. Working with internal and external government systems is a unique and difficult task because of of the sheer magnitude of the audience for external systems (the entire population of a country, and sometimes more), and because of the need to achieve government transparency while protecting citizens' privacy.. Open government, plain language, accessibility, biometrics, service design, internal vs. external systems, and cross-cultural issues, as well as working with the government, are all covered in this book. Covers both public-facing systems and internal systems run by governmentsDetails usability and user experience approaches specific to government websites, intranets, complex systems, and applicationsProvides practical material that allows you to take the information and immediately use it to make a difference in your projects.
650 #0 - المدخل الاضافى بالموضوع-مصطلح موضوعى
مصطلح موضوعي أو اسم جغرافي كعنصر مدخل Human-computer interaction.
650 #0 - المدخل الاضافى بالموضوع-مصطلح موضوعى
مصطلح موضوعي أو اسم جغرافي كعنصر مدخل User-centered system design.
9 (RLIN) 41790
650 #0 - المدخل الاضافى بالموضوع-مصطلح موضوعى
مصطلح موضوعي أو اسم جغرافي كعنصر مدخل Web site development.
650 #0 - المدخل الاضافى بالموضوع-مصطلح موضوعى
مصطلح موضوعي أو اسم جغرافي كعنصر مدخل Government Web sites.
9 (RLIN) 41791
650 #0 - المدخل الاضافى بالموضوع-مصطلح موضوعى
مصطلح موضوعي أو اسم جغرافي كعنصر مدخل Electronic government information.
9 (RLIN) 39792
700 1# - المدخل الاضافى - اسم شخصى
الإسم الشخصى Buie, Elizabeth.
9 (RLIN) 41792
700 1# - المدخل الاضافى - اسم شخصى
الإسم الشخصى Murray, Dianne.
9 (RLIN) 41793
906 ## - عنصر بيانات محلى F, LDF (RLIN)
a 7
b cbc
c copycat
d 2
e ncip
f 20
g y-gencatlg
942 ## - عناصر المدخل الإضافي( كوها)
مصدر التصنيف او مخطط الترفيف Dewey Decimal Classification
Koha [default] item type DVD
المقتنيات
حالة الفقد نموذج السعر الفعال حالة تلف ليس للاعارة رقم الطلب تاريخ الاكتساب الموقع الحالي الفرع الرئيسي Date last seen نوع المادة فى نظام كوها مصدر التصنيف او خطة الترفيف Total Checkouts
  2014-01-08     004.21 USG 2014-01-08 المكتبة المركزية بالمجمعة (CL) المكتبة المركزية بالمجمعة (CL) 2014-01-08 كتاب Dewey Decimal Classification